Razvitije vnešneekonomičeskich otnošenij Slovakii i Rossii pod vlijanijem geopolitičeskich izmenenij
Rozvoj zahraničného obchodu Slovenskej republiky a podpora vývozu. Najdôležitejšie exportné produkty SR. Rozvoj zahraničnoobchodných vzťahov Slovenska a Ruska. Tovarová štruktúra slovenského dovozu z Ruska v rokoch 2009-2015. Tovarová štruktúra slovenského vývozu do Ruska v rokoch 2009-2015. Medzire...
Gespeichert in:
| 1. Verfasser: | |
|---|---|
| Format: | Buchkapitel |
| Sprache: | Russisch |
| Schlagworte: | |
| Tags: |
Keine Tags, Fügen Sie das erste Tag hinzu!
|
MARC
| LEADER | 00000naa a2200000 4500 | ||
|---|---|---|---|
| 001 | 0235764 | ||
| 005 | 20240502083628.2 | ||
| 041 | 0 | |a rus | |
| 044 | |a RU | ||
| 245 | 1 | 0 | |a Razvitije vnešneekonomičeskich otnošenij Slovakii i Rossii pod vlijanijem geopolitičeskich izmenenij |c E. Kašťáková |
| 520 | |a Rozvoj zahraničného obchodu Slovenskej republiky a podpora vývozu. Najdôležitejšie exportné produkty SR. Rozvoj zahraničnoobchodných vzťahov Slovenska a Ruska. Tovarová štruktúra slovenského dovozu z Ruska v rokoch 2009-2015. Tovarová štruktúra slovenského vývozu do Ruska v rokoch 2009-2015. Medziregionálna spolupráca SR a Ruskej federácie. Spolupráca v oblasti energetiky. | ||
| 610 | 2 | 0 | |a obchod zahraničný |
| 610 | 2 | 0 | |a vývoz |
| 610 | 2 | 0 | |a dovoz |
| 610 | 2 | 0 | |a spolupráca medzinárodná |
| 610 | 2 | 0 | |a Slovensko |
| 610 | 2 | 0 | |a Rusko |
| 100 | 1 | |a Kašťáková, Elena, 1974- | |